| 000 | 00474nam a2200169 4500 | ||
|---|---|---|---|
| 003 | SEACOMEC | ||
| 005 | 20241223132249.0 | ||
| 008 | 240507b |||||||| |||| 00| 0 eng d | ||
| 020 |
_a 9780199491476 _cRs.265.00 |
||
| 040 | _aSEACOMEC | ||
| 082 |
_a005.133 _bD528 |
||
| 100 | _a Dey, Pradip | ||
| 245 | 1 |
_aProgramming in C / _cPradip Dey, Manas Ghosh |
|
| 260 |
_a New Delhi _b Oxford University Press _c2007 |
||
| 650 | _a Computer science and engineering | ||
| 942 | _cBOOK | ||
| 999 |
_c1022 _d1022 |
||